| 000 | 00498nam a2200169 4500 | ||
|---|---|---|---|
| 001 | 122470 | ||
| 003 | ES-MaACL | ||
| 005 | 20251017063102.0 | ||
| 007 | t| | ||
| 008 | 070214s1958 sp r ||||1| spa d | ||
| 100 | 1 |
_aPrimo Yúfera, Eduardo, _d1918-2007 _993974 |
|
| 245 | 1 | 0 |
_aHerbicidas y fitorreguladores / _cMiguel Primo Yufera. |
| 260 |
_aMadrid : _bAguilar, _c1958. |
||
| 300 |
_aXIX, 241 p. : _bil. ; _c22 cm. |
||
| 852 |
_aES-MaACL _jC-14617 _bR.42443 |
||
| 999 |
_c122470 _d122470 |
||